MARC

LEADER 00000nas a2200000 4500
001 ssj0007062
003 WaSeSS
005 20200512172242.0
006 m d
007 cr n
008 751101c19719999inutr p s 0 a0eng c
010 |a  72621514   |z sn 84011113  
016 7 |a 2068725-4  |2 DE-600 
016 7 |a 100967183  |2 DNLM 
016 7 |a 001264296  |2 IsJJNL 
016 7 |a 012396575  |2 Uk 
016 |a (AMICUS)000000462743 
022 |l 0884-2043  |y 0884-2043 
035 |a (WaSeSS)ssj0007062 
037 |b Clio, Indiana University-Purdue University Fort Wayne, Fort Wayne, IN 46805 
040 |a MUL  |b eng  |c MUL  |d UCU  |d COO  |d OCL  |d NSD  |d AIP  |d NST  |d AIP  |d NSD  |d AIP  |d NST  |d MUL  |d DLC  |d NST  |d OCL  |d IUL  |d NLM  |d OCLCQ  |d ORZ  |d CDS  |d NSD  |d ZCU  |d CUV  |d CRU  |d OCLCQ  |d UKMGB  |d OCLCQ  |d OCLCF  |d DEBBG  |d OCLCA  |d J9U  |d TXA  |d OCLCQ  |d NLC  |d OCLCQ  |d GILDS  |d IUL  |d RDF  |d OCLCO  |d OCLCA  |d L2U  |d WaSeSS 
042 |a pcc  |a nsdp 
050 0 0 |a AS30  |b .C53 
050 1 4 |a PN50.A1  |b .C5 
082 1 4 |a 901  |2 11 
210 0 |a Clio  |b (Fort Wayne Ind.) 
222 0 |a Clio  |b (Fort Wayne, Ind.) 
245 0 0 |a Clio  |h [electronic resource]. 
260 |a [Fort Wayne, Ind.]  |b Indiana University-Purdue University at Fort Wayne. 
310 |a Three times a year,  |b 2006- 
321 |a Three times a year,  |b 1971-1980 
321 |a Quarterly,  |b 1981-2005 
362 0 |a v. 1- Oct. 1971- 
500 |a "An interdisciplinary journal of literature, history, and the philosophy of history." 
506 |a License restrictions may limit access. 
550 |a Sponsored by the University of Wisconsin-Parkside, v. 2- ; issued by Indiana University-Purdue University Fort Wayne, <1993-> 
650 0 |a Literature and history  |v Periodicals. 
650 7 |a 15.00 history: general.  |0 (NL-LeOCL)077599349  |2 bcl 
650 7 |a Literature and history.  |2 fast  |0 (OCoLC)fst01000077 
655 0 |a Electronic journals. 
710 2 |a Indiana University-Purdue University Fort Wayne. 
710 2 |a University of Wisconsin--Parkside. 
850 |a AU  |a DLC  |a FMU  |a INS  |a KMK  |a KyLoU  |a LU  |a MBMU  |a MWiW  |a MoSU  |a MsU  |a NBC  |a OkS  |a OrU  |a PPiC  |a PPiU  |a TxDaM  |a TxLT  |a ViBlbV  |a VtU 
853 2 0 |8 1  |a v.  |b no.  |u 3  |v r  |i (year)  |j (season)  |w t  |x 23  |y 21,22,23 
856 4 0 |z Full text available from Research Library: 01/01/1994 to 07/31/2007  |u https://search.proquest.com/publication/49111 
863 4 1 |8 1.1  |a <36>  |b <1>  |i <2006>  |j <23>